| 000 | 01101nam a22002537a 4500 | ||
|---|---|---|---|
| 005 | 20100811161421.0 | ||
| 010 | _aHIN-90310 | ||
| 020 |
_c100.00 _a9788188213594 |
||
| 035 | _aHN-62656 | ||
| 037 | _bDBAD / PUB | ||
| 082 | _a920 | ||
| 100 |
_aशुक्ल, सूर्यनारायण _924435 |
||
| 245 |
_aशिखाव्रती / _cसूर्यनारायण शुक्ल |
||
| 246 |
_aShikhavrati _bby Suryanarayan Shukla |
||
| 260 |
_aइलाहाबाद _bलहर प्रकाशन _c2010 |
||
| 270 |
_a778, मूट्ठीगंज _bइलाहाबाद _e211003 |
||
| 300 |
_a64पृ _c22सेमी (सजिल्द) |
||
| 500 | _aभारतीय इतिहास के प्रचण्ड कालखण्ड की संकल्प-कथा | ||
| 700 | _97228 | ||
| 700 | _97267 | ||
| 700 | _97698 | ||
| 942 |
_adpl _cHN _k _2ddc _mशुक्लसू _h920 |
||
| 999 |
_c41172 _d41172 |
||